|
|
|
|
| LEADER |
00000nam a22000007a 4500 |
| 005 |
20220713224240.0 |
| 007 |
cr|||| |||| |
| 008 |
220713s2022 es |||||s|||| 00||0 spa d |
| 020 |
|
|
|a 978-84-1122-015-6
|
| 035 |
|
|
|a 36452
|
| 040 |
|
|
|a vLex
|
| 090 |
|
|
|c 13556
|d 13556
|
| 100 |
1 |
|
|a Lp̤ez Espadafor, Carlos Mara̕
|
| 245 |
1 |
0 |
|a Tributacin̤, economa̕, gestin̤ y regulacin̤ de patrimonios
|h [Recurso electrn̤ico] /
|c Carlos Mara̕ Lp̤ez Espadafor
|
| 256 |
|
|
|a Servicio en ln̕ea
|
| 260 |
|
|
|a Madrid:
|b Dykinson,
|c 2022
|
| 300 |
|
|
|a 1 recurso electrn̤ico
|
| 500 |
|
|
|a El m̀bito patrimonial genera una importants̕ima problemt̀ica interdisciplinar que puede ir desde el campo de la tributacin̤ al campo de la economa̕, as ̕como en relacin̤ a la gestin̤ de los distintos elementos patrimoniales y a la normativa que afecta a la regulacin̤ material de los diferentes tipos de patrimonios, tanto de titularidad de personas fs̕icas, como de entidades...
|
| 506 |
1 |
|
|a Disponible solo en los productos indicados
|d vLex Global
|d vLex Global (Academic Edition, excluding Law Schools)
|d vLex Global (U.S. Academic Edition, Law Schools)
|d vLex Global (U.S. Academic Edition, excluding Law Schools)
|d vLex Global (Academic Edition, Law Schools)
|
| 650 |
0 |
4 |
|a Derecho Tributario
|z Espaą
|
| 650 |
0 |
4 |
|a Financiero
|z Espaą
|
| 740 |
0 |
|
|a vLex Libros (Servicio en ln̕ea)
|
| 856 |
4 |
0 |
|u https://app.vlex.com/#/sources/36452
|z Acceso restringido
|
| 942 |
|
|
|c BOOK
|
| 999 |
0 |
|
|a Tax Law
|
| 999 |
0 |
|
|a Financial
|